000 00545nam a2200181 a 4500
005 20250212063730.0
008 991125s1981 mad 000 0 spa u
035 _aUPN01000043108
049 _aCG
050 4 _aHB501
_bR6.6
100 1 _aRodríguez Casado, Vicente
245 1 0 _aOrígenes del capitalismo y del socialismo contemporáneo /
_cVicente Rodríguez Casado.
260 _aMadrid :
_bEspasa-Calpe,
_c1981.
300 _a523 p.
650 4 _aCapitalismo
_xHistoria
_96564
650 4 _aSOCIALISMO -
_xHISTORIA
_918141
905 _aLibro
999 _c43108
_d43108